000 01245nam a22003497a 4500
003 CHAP
005 20220329133258.0
008 971013s1991 r 00010 d
010 _a4215
011 _a5187
035 _a4393
040 _cCHAP
082 _a338.9
_bM49p
110 _aMéxico (Edo.). Coordinación de Promoción Agroindustrial
_976848
245 _aPrograma de modernización agroindustrial
260 _aMetepec, Méx. :
_bLa Coordinación,
_c1991
300 _a98 p
500 _aD53-51
590 _aBATCH-UPD
_b10
_c20130110
_lUCH01
_h2058
590 _aBATCH-UPD
_b10
_c20130410
_lUCH01
_h1411
590 _aBATCH-UPD
_b10
_c20130914
_lUCH01
_h1636
590 _aCONVERSION
_b10
_c20130109
_lUCH01
_h1303
650 1 4 _aIndustria y Estado.
_957917
650 1 4 _aIndustrias agrícolas.
_957925
650 1 4 _aIndustrias agrícolas
_xMéxico (Edo.)
_957958
901 _aBK
942 _cLIBRO
949 _a338.9 M49p
_bBC
_cLIBRO
_d33724000422606
_eLIBRO
_fc.4
_h81546
_i4393
_mD
_si
949 _a338.9 M49p
_bBC
_cLIBRO
_d33724000422671
_eLIBRO
_fc.3
_h81545
_i4393
_mD
_si
949 _a338.9 M49p
_bBC
_cLIBRO
_d33724000422689
_eLIBRO
_fc.2
_h81544
_i4393
_mD
_si
949 _a338.9 M49p
_bBC
_cLIBRO
_d33724000422697
_eLIBRO
_h81543
_i4393
_mD
_si
999 _c4215
_d4215